000 00665cam a2200217 4500500
005 20260405003214.0
041 _afre
042 _adc
100 1 0 _aLegros, Martin
_eauthor
245 0 0 _aPeter Singer : “Les futurs vaccins vont nous confronter à un calcul moral”
260 _c2020.
500 _a45
690 _aAltruisme
690 _aÉquité
690 _aÉtat
690 _aPeter Singer
690 _avaccin
690 _aVaccinations
786 0 _nPhilosophie magazine | 145 | 1 | 2020-12-01 | p. 16-18 | 1951-1787
856 4 1 _uhttps://shs.cairn.info/magazine-philosophie-magazine-2020-12-1-page-16?lang=fr&redirect-ssocas=7080
999 _c2065356
_d2065355